Normal view
MARC view
- V. J. Cook
Entry Personal Name
001 - CONTROL NUMBER
- control field: 4767
003 - CONTROL NUMBER IDENTIFIER
- control field: OSt
005 - DATE AND TIME OF LATEST TRANSACTION
- control field: 20221006061913.0
008 - FIXED-LENGTH DATA ELEMENTS
- fixed length control field: 221006|| aca||aabn | a|a d
040 ## - CATALOGING SOURCE
- Original cataloging agency: OSt
- Transcribing agency: OSt
100 ## - HEADING--PERSONAL NAME
- Personal name: V. J. Cook
670 ## - SOURCE DATA FOUND
- Source citation: Work cat.: (OSt)2583: Cook, V. J. 4766, Chomsky's Universal Grammar : , c1988
